| 000 | 01016nam a2200325 4500 | ||
|---|---|---|---|
| 001 | 141345 | ||
| 003 | ES-MaACL | ||
| 005 | 20250823095837.0 | ||
| 007 | t| | ||
| 008 | 070921s1981 sp ||||0| spa d | ||
| 016 | 7 | _zIBH82012974 | |
| 020 | _a84-7509-051-6 | ||
| 040 |
_aIBH _bspa _cM-BN-DP |
||
| 080 | _a78:37 | ||
| 080 | _a78.01 | ||
| 100 | 1 |
_aWillems, Edgar. _9116891 |
|
| 245 | 1 | 3 |
_aEl valor humano de la educación musical / _cEdgar Willems ; [traducción, María Teresa Brutocao y Nicolás Luis Fabiani]. |
| 260 |
_aBarcelona : _bPaidós, _c1981. |
||
| 300 |
_a232 p. ; _c21 cm. |
||
| 490 | 1 |
_aPaidós studio ; _v11 |
|
| 504 | _aBibliografía: p. 221-223. | ||
| 650 | 4 |
_aMúsica- _xEstudio y enseñanza _915383 |
|
| 650 | 1 | 4 |
_aMúsica- _xFilosofía. _915389 |
| 700 | 1 |
_aBrutocao, María Teresa. _932233 |
|
| 700 | 1 |
_aFabiani, Nicolás Luis. _948516 |
|
| 830 | 0 |
_aPaidós studio ; _v11 _9178141 |
|
| 852 |
_aES-MaACL _jL-9899 _bR.111793 |
||
| 999 |
_c141345 _d141345 |
||